| 000 | 00630nam a22001937a 4500 | ||
|---|---|---|---|
| 999 |
_c185110 _d185110 |
||
| 005 | 20220128105638.0 | ||
| 010 | _aUR-11409 | ||
| 020 |
_c150.00 _a9789391238100 |
||
| 035 | _aU-9964 | ||
| 037 |
_bDBAD/PUB _adpl |
||
| 082 | _aک | ||
| 100 | _aا يم ا ے کنو ل جعفر ی | ||
| 245 |
_aخا مو ش لب _cا يم ا ے کنو ل جعفر ی |
||
| 246 |
_bKhamosh LabUrdu) _aby M.A.Kanwal Jafri |
||
| 260 |
_aDelhi _bEducational Publishing House _c2021 ء |
||
| 270 |
_a3191,Vakil Street,Kucha Pandit,Lal Kuan, _bDelhi _e110006 _k23216162 _l- |
||
| 300 |
_a184 ص _c22 Cm(Hb) |
||
| 942 |
_2ddc _cUR _hک _mک ن و |
||